| 000 | 01034nam a2200229 a 4500 | ||
|---|---|---|---|
| 001 | 41475 | ||
| 003 | BD-RjUL | ||
| 005 | 20211209053408.0 | ||
| 008 | 160531s1993 ii ||||| |||| 00| 0 ben d | ||
| 020 |
_a8172151667 _c: IRs 25.00 |
||
| 035 | _a(BD-RjUL)41593 | ||
| 040 |
_aBD-RjUL _bben _cBD-RjUL |
||
| 041 | _aben | ||
| 082 |
_223 _a891.4409 _bBHA 1993 |
||
| 100 |
_aভট্রাচার্য, বিষ্ণুপদ _9127474 |
||
| 245 | 1 | 0 |
_aগোড়ীয় বৈষ্ণব-সম্প্রদায় ভক্তিরস ও অলঙ্কার-শাস্ত্র / _cবিষ্ণুপদ ভট্রাচার্য |
| 260 |
_aকলিকাতা : _bআনন্দ পাবলিশার্স, _c১৯৯৩ [১৪০০] |
||
| 300 |
_a১৩৭ পৃ. ; _c২১ সেমি. |
||
| 650 |
_aবাংলা সাহিত্য _xইতিহাস ও সমালোচনা _9127475 |
||
| 650 |
_aBengali Literature _xHistory & Criticism _9127476 |
||
| 942 |
_2ddc _cBK |
||
| 999 |
_c41475 _d41475 |
||